000 00200nam a2200085Ia 4500
008 120527s9999 xx 000 0 und d
100 _aGoodwin, James. G
245 _aResearch in Psychology
942 _cBK
999 _c27512
_d27512